[Event "Leipzig VfB op 22nd"]
[Site "Leipzig"]
[Date "2015.03.08"]
[Round "9"]
[White "Gross, Reinhard"]
[Black "Wolter, Uwe"]
[Result "1/2-1/2"]
[WhiteElo "1733"]
[BlackElo "1544"]
[PlyCount "51"]
[EventDate "2015.03.03"]
[EventType "swiss"]
[EventRounds "9"]
[EventCountry "GER"]
[SourceTitle "EXT 2016"]
[Source "ChessBase"]
[SourceDate "2015.10.08"]
[SourceVersion "1"]
[SourceVersionDate "2015.10.08"]
[SourceQuality "1"]

1. Nc3 Nf6 2. d4 d5 3. Bf4 Bf5 4. Qd2 e6 5. a3 Be7 6. Nf3 0-0 7. e3 Nbd7 8. Bd3 Bxd3 9. Qxd3 c5 10. 0-0 a6 11. h3 b5 12. Ne5 Nxe5 13. Bxe5 Nd7 14. Bh2 Qb6 15. Ne2 Rfc8 16. c3 Bd6 17. f4 Nf6 18. Ng3 cxd4 19. exd4 a5 20. Qf3 b4 21. axb4 axb4 22. Rxa8 Rxa8 23. Kh1 g6 24. Bg1 Qb5 25. Qe2 Qxe2 26. Nxe2 1/2-1/2

[Event "Leipzig VfB op 22nd"]
[Site "Leipzig"]
[Date "2015.03.06"]
[Round "6"]
[White "Randt, Karl Heinz"]
[Black "Gross, Reinhard"]
[Result "1-0"]
[WhiteElo "1928"]
[BlackElo "1733"]
[PlyCount "116"]
[EventDate "2015.03.03"]
[EventType "swiss"]
[EventRounds "9"]
[EventCountry "GER"]
[SourceTitle "EXT 2016"]
[Source "ChessBase"]
[SourceDate "2015.10.08"]
[SourceVersion "1"]
[SourceVersionDate "2015.10.08"]
[SourceQuality "1"]

1. e4 d5 2. exd5 Qxd5 3. Nc3 Qa5 4. d4 Nf6 5. Bc4 c6 6. f4 Qh5 7. Nf3 Bg4 8. Be2 e6 9. a3 Nbd7 10. Be3 Nd5 11. Bd2 Nxc3 12. Bxc3 Nf6 13. h3 Bxf3 14. Bxf3 Qh4+ 15. Ke2 Qxf4 16. Qd3 Be7 17. Rae1 0-0 18. Bd2 Qc7 19. c4 c5 20. g4 cxd4 21. g5 Nd7 22. Qxd4 Qe5+ 23. Kd3 Nc5+ 24. Kc3 Qxd4+ 25. Kxd4 Nb3+ 26. Kc3 Nxd2 27. Kxd2 Bxg5+ 28. Kc2 Rab8 29. Rd1 b5 30. c5 a5 31. Rd7 b4 32. a4 Rfd8 33. Rhd1 Kf8 34. c6 Rxd7 35. Rxd7 Bd8 36. c7 Bxc7 37. Rxc7 b3+ 38. Kc3 g6 39. Bd1 Kg7 40. Bxb3 Kf6 41. Bc4 h5 42. Ra7 g5 43. Rxa5 e5 44. Ra7 Rf8 45. a5 g4 46. hxg4 hxg4 47. Bd5 g3 48. a6 Kf5 49. Rc7 e4 50. Kd4 Kf4 51. a7 f5 52. a8Q Rxa8 53. Bxa8 g2 54. Rg7 Kf3 55. b4 Kf2 56. Bxe4 fxe4 57. Kxe4 g1Q 58. Rxg1 Kxg1 1-0

[Event "Leipzig VfB op 20th"]
[Site "Leipzig"]
[Date "2013.03.07"]
[Round "4"]
[White "Gross, Reinhard"]
[Black "Thalheim, Peter"]
[Result "0-1"]
[WhiteElo "1794"]
[BlackElo "1679"]
[PlyCount "68"]
[EventDate "2013.03.05"]
[EventType "swiss"]
[EventRounds "9"]
[EventCountry "GER"]
[SourceTitle "EXT 2014"]
[Source "ChessBase"]
[SourceDate "2013.11.20"]
[SourceVersion "1"]
[SourceVersionDate "2013.11.20"]
[SourceQuality "1"]

1. Nc3 d5 2. e4 d4 3. Nce2 e5 4. Nf3 Nf6 5. Ng3 Bd6 6. Bc4 h6 7. 0-0 b6 8. c3 dxc3 9. bxc3 Bb7 10. d3 0-0 11. a4 Nc6 12. Nf5 Ne7 13. Nxd6 cxd6 14. Nh4 Rc8 15. Qf3 d5 16. Bxd5 Nfxd5 17. exd5 Rxc3 18. Qg3 Ng6 19. Nxg6 fxg6 20. Qxe5 Rxd3 21. Bb2 Rf7 22. Rfd1 Re7 23. Qf4 Rxd5 24. Qc4 Re4 25. Rxd5 Bxd5 26. Qc3 Qe7 27. f3 Re3 28. Qd2 Qe6 29. Kf2 Rb3 30. Re1 Qc6 31. Rd1 Bxf3 32. gxf3 Qxf3+ 33. Kg1 Qg4+ 34. Kh1 Rxb2 0-1

[Event "Leipzig VfB op 20th"]
[Site "Leipzig"]
[Date "2013.03.06"]
[Round "2"]
[White "Gross, Reinhard"]
[Black "Wolter, Uwe"]
[Result "1/2-1/2"]
[WhiteElo "1794"]
[BlackElo "1365"]
[PlyCount "76"]
[EventDate "2013.03.05"]
[EventType "swiss"]
[EventRounds "9"]
[EventCountry "GER"]
[SourceTitle "EXT 2014"]
[Source "ChessBase"]
[SourceDate "2013.11.20"]
[SourceVersion "1"]
[SourceVersionDate "2013.11.20"]
[SourceQuality "1"]

1. Nc3 Nf6 2. e4 e5 3. d4 exd4 4. Qxd4 Nc6 5. Qe3 d6 6. Bd2 Be6 7. h3 g6 8. 0-0-0 Bg7 9. f4 Qe7 10. Nf3 Nd7 11. g4 f5 12. gxf5 gxf5 13. exf5 Bxf5 14. Nd5 Qxe3 15. Bxe3 0-0-0 16. Rg1 Rhg8 17. Bd3 Bxd3 18. Rxd3 Rde8 19. Rdd1 Kb8 20. Bd2 Nd4 21. Nxd4 Bxd4 22. Rxg8 Rxg8 23. c3 Bf2 24. Rf1 Rg1 25. Rxg1 Bxg1 26. f5 c6 27. Ne7 Bf2 28. Bg5 d5 29. Bf4+ Ka8 30. Bg5 Bc5 31. f6 Ne5 32. Kc2 Nf7 33. Bh4 Bd6 34. Kd2 Kb8 35. Ke3 Kc7 36. Nf5 Bf8 37. Ng7 Kd7 38. Kd2 h6 1/2-1/2

[Event "Leipzig VfB op 20th"]
[Site "Leipzig"]
[Date "2013.03.05"]
[Round "1"]
[White "Heinsohn, Guenter"]
[Black "Gross, Reinhard"]
[Result "1-0"]
[WhiteElo "2152"]
[BlackElo "1794"]
[PlyCount "39"]
[EventDate "2013.03.05"]
[EventType "swiss"]
[EventRounds "9"]
[EventCountry "GER"]
[SourceTitle "EXT 2014"]
[Source "ChessBase"]
[SourceDate "2013.11.20"]
[SourceVersion "1"]
[SourceVersionDate "2013.11.20"]
[SourceQuality "1"]

1. e4 d5 2. exd5 Qxd5 3. Nc3 Qa5 4. d4 c6 5. Nf3 Nf6 6. Bc4 Bg4 7. h3 Qh5 8. Be2 e6 9. Ne5 Bxe2 10. Nxe2 Nbd7 11. g4 Nxg4 12. Nxg4 0-0-0 13. Bf4 f5 14. Ne5 Nc5 15. Ng3 Qe8 16. c3 h6 17. h4 Be7 18. h5 Bf6 19. Qe2 Nd7 20. Nxc6 1-0

[Event "Leipzig VfB op 19th"]
[Site "Leipzig"]
[Date "2012.03.10"]
[Round "8"]
[White "Gross, Reinhard"]
[Black "Lasschuit, Rene"]
[Result "0-1"]
[WhiteElo "1443"]
[BlackElo "1871"]
[PlyCount "102"]
[EventDate "2012.03.06"]
[EventType "swiss"]
[EventRounds "9"]
[EventCountry "GER"]
[SourceTitle "CBM 147 Extra"]
[Source "ChessBase"]
[SourceDate "2012.04.24"]
[SourceVersion "1"]
[SourceVersionDate "2012.04.24"]
[SourceQuality "1"]

1. Nc3 Nf6 2. e4 d5 3. exd5 Nxd5 4. Nxd5 Qxd5 5. Qf3 Qc5 6. c3 e5 7. Qe3 Be6 8. Qxc5 Bxc5 9. Nf3 e4 10. Ne5 f6 11. Nc4 Nc6 12. Ne3 0-0-0 13. Bc4 Rhe8 14. 0-0 Ne5 15. Bxe6+ Rxe6 16. b4 Bxe3 17. fxe3 Red6 18. Rf2 Nd3 19. Re2 b5 20. Kf1 f5 21. a4 bxa4 22. Ba3 Rb6 23. Rb1 a5 24. g3 c6 25. Rg2 Ne5 26. Ra1 axb4 27. Bxb4 Ra6 28. Bc5 Rd5 29. Bd4 c5 30. Bxe5 Rxe5 31. Ra2 Kc7 32. Ke2 Rd5 33. Rg1 c4 34. Rb1 a3 35. Rb4 Rc5 36. Kd1 g5 37. Ke2 Kc6 38. Kd1 Kc7 39. Ke2 Ra7 40. Kf2 Kc6 41. Kg2 g4 42. h4 Kd5 43. Kf2 Rca5 44. Ke2 Kc5 45. Kd1 Rb5 46. Rxb5+ Kxb5 47. Kc2 Ka4 48. Ra1 Rb7 49. Ra2 Rb6 50. Kc1 Kb3 51. Rc2 a2 0-1